HAYALET TOZU (Record no. 646915)

MARC details
000 -LEADER
sabit uzunluktaki kontrol alanı 00225nam a2200097Ia 4500
001 - KONTROL NUMARASI
kontrol alanı 646915
005 - EN SON İŞLEMİN TARİH VE ZAMANI
kontrol alanı 20250826153652.0
008 - SABİT-UZUNLUKTA VERİ ÖĞELERİ--GENEL BİLGİ
sabit uzunluktaki kontrol alanı 250824s9999 xx 000 0 und d
245 #0 - ESER / YAZAR
ESER ADI HAYALET TOZU
Yazar Adı HANZADE SERVİ
260 ## - YAYIN, DAĞITIM, VB.
YAYIN EVİ TUDEM
Holdings
Düşüm durumu Kayıp durumu Hasar Durumu Ödünç verilmez Ana kütüphane Geçerli Kütüphane Edinilen tarih Toplam ödünç verme sayısı Barkod İade tarihi Son görüntüleme tarihi Son ödünç verme tarihi Fiyatın geçerli olmaya başladığı tarih Koha materyal türü
        MUSTAFA BÜYÜKKAPLAN İMAM HATİP ORTAOKULU (ERKEK) MUSTAFA BÜYÜKKAPLAN İMAM HATİP ORTAOKULU (ERKEK) 24.08.2025 1 10052032 30.04.2026 15.04.2026 15.04.2026 26.08.2025 Books